| 000 | 00879cam a2200265 a 4500 | ||
|---|---|---|---|
| 001 | 4022685 | ||
| 003 | OSt | ||
| 005 | 20160229160758.0 | ||
| 008 | 970328s1987 enka b 001 0 eng | ||
| 010 | _a 97133780 | ||
| 020 | _a0415050855 (pbk.) | ||
| 040 |
_aDLC _cDLC _dDLC |
||
| 050 | 0 | 0 |
_aHD75.6 _b.R43 1987b |
| 082 |
_a338.9 _bRED 1987 |
||
| 100 | 1 |
_aRedclift, M. R. _91623 |
|
| 245 | 1 | 0 |
_aSustainable development : _bexploring the contradictions / _cMichael Redclift. |
| 260 |
_aLondon ; _aNew York : _bRoutledge, _c1987. |
||
| 300 |
_a221 p. : _bill. ; _c22 cm. |
||
| 504 | _aIncludes bibliographical references (p. [205]-217) and index. | ||
| 650 | 0 |
_aEconomic development _xEnvironmental aspects. _91104 |
|
| 650 | 0 |
_aEnvironmental policy. _91624 |
|
| 650 | 0 |
_aSustainable development. _91103 |
|
| 906 |
_a7 _bcbc _corignew _du _encip _f19 _gy-gencatlg |
||
| 942 |
_2ddc _cSLOAN |
||
| 999 |
_c3105 _d3105 |
||